000
00340nam a2200133Ia 4500
008
231017s9999 xx 000 0 und d
082
_a
388.112099
082
_b
PAU
245
0
_a
Economic Evaluation of Road Investment Proposals: Risk Analysis (AP-R203)
245
0
_c
Austroads
260
_b
Austroads
300
_c
30cm
942
_c
REP
999
_c
604298
_d
604298